Fluency with information technology : skills, concepts, & capabilities

Saved in:
Bibliographic Details
Main Author: Snyder, Lawrence
Format: Book
Language:English
Published: Boston : Pearson Addoison Wesley, 2006
Edition:2nd ed.
Subjects:
Tags: Add Tag
No Tags, Be the first to tag this record!

MARC

LEADER 00000nam a2200000 i 4500
001 1/52200
008 070823s2006 eng d
020 |a 978-0-321-35782-5 
020 |a 0-321-35782-5 
035 |l 10089938 
040 |a GR-MY-UA  |b gre  |e aacr 
041 0 |a eng 
082 0 |a 004  |2 (22) 
100 1 |a Snyder, Lawrence. 
245 1 0 |a Fluency with information technology :  |b skills, concepts, & capabilities /  |c Lawrence Snyder 
250 |a 2nd ed. 
260 |a Boston :   |b Pearson Addoison Wesley,   |c 2006 
300 |a xvii, 765σ.;  |b σχ. πιν.;  |c 26εκ. 
504 |a Περιλαμβάνει ευρετήριο. 
650 0 0 |a Information technology. 
852 |a INST  |b CHIOS  |e 20070823  |h 004 SNY  |p 005200025587  |q 005200025587  |t BK  |y 0 
901 |a BIBL2-2007-2 
909 |a Χ  |b 138126 
922 |a 2ΕΛΗ  |b 200707  |c ΕΠΕΑΕΚ2/ΤΔΕ  |d ΠΑΠΑΣΩΤΗΡΙΟΥ 
970 |a ΑΤΣΑΛΗ  |b ΔΕΣΠΟΙΝΑ  |z 2007/08/23